01093 a2200157 45000010006000000050017000060080041000230030015000640400040000790800034001192450055001532640052002083000019002605050632002791000024009112959520260407155606.0260407a1947 arg spa dAR-UNSa-BCEJYS aAR-UNSa-BCEJYSbspacAR-UNSa-BCEJYS a657.312xTipo de presupuestos10aContabilidad análitica del presupesto financiero 1aBuenos Aires :bBibliográfica Argentinac1947 a222 p.c22 cm. aPrimera Parte: Nociones relativas alas contabilidades preventiva y ejecutiva : 1.Del presupuesto y sus modificaciones - 2. De los gastos - 3. De los recursos - 4. Clausura del ejercicio - Segunda parte: Plan que se propone para la contabilidad del presupuesto: 1. Contabilización del presupuesto - 2. Contabilización de los anticipos sobre el presupuesto y de las autorizaciones de inversion modificatorias del mismo - 3. Contabilización de erogaciones atendidas con recursos "afectados" - 4. Contabilización de los créditos transferibles - 5. Contabilización de las "retenciones de créditos" - 6. Conclusiones. 1 aChittaroni, Aldo V.